00298nam a2200133Ia 4500003000400000005001700004008004100021020001800062040000900080100001700089245003400106260001500140260000900155OSt20231120050934.0170524s9999 xx 000 0 und d a81-7224-072-4 cIIMT aBakhru- H.k. 0aDiet cure for common Aliments bJaico Pub. c2002